000 09294nas a22003137a 4500
003 NALT
005 20260127144426.0
006 a|||p|r|||| 00| 0
007 ta
008 260120b th |||p| |||| 00| 0 tha d
022 _a01250957
040 _aNALT
041 _atha
245 0 0 _aรัฐสภาสาร ปีที่ 43 ฉบับที่ 7-12 (กรกฎาคม-ธันวาคม 2538).
260 _aปีที่ 43 ฉบับที่ 7-12 (กรกฎาคม-ธันวาคม 2538).
310 _aรายเดือน.
500 _aวารสารเย็บเล่ม.
505 2 _aปีที่ 43 ฉบับที่ 7 ก.ค. 2538 -- ประชาธิปไตย : ความหมาย หลักการสำคัญ และปัจจัยเอื้ออำนวยต่อความสำเร็จ -- การปกครองระบอบประชาธิปไตย -- ประชาธิปไตย -- การออกเสียงประชามติ -- งบสมาชิกสภาผู้แทนราษฎร -- โครงการพัฒนาจังหวัดตามข้อเสนอแนะของสมาชิกสภาผู้แทนราษฎร -- โครงการพัฒนาพิเศษตามข้อเสนอของ สมาชิกสภาผู้แทนราษฎร -- โครงการพัฒนาจังหวัดของส่วนราชการหรือรัฐวิสาหกิจ ตามข้อเสนอของสมาชิกสภาผู้แทนราษฎร -- การวิเคราะห์งบพัฒนาจังหวัด -- ปัญหาในทางกฎหมาย -- ระเบียบสำนักนายกรัฐมนตรีว่าด้วยการดำเนินงานโครงการพัฒนาพิเศษตามข้อเสนอของสมาชิกสภาผู้แทนราษฎร พ.ศ. 2536 -- คณะกรรมาธิการ -- อำนาจหน้าที่ของคณะกรรมาธิการ -- ประเภทของคณะกรรมาธิการ -- ตำแหน่งในคณะกรรมาธิการ -- การพ้นจากตำแหน่งของกรรมาธิการ -- การดำเนินงานของ คณะกรรมาธิการ -- การสนับสนุนการปฏิบัติงานให้กับคณะกรรมาธิการ -- สิทธิประโยชน์ของคณะกรรมาธิการ.
505 2 _aปีที่ 43 ฉบับที่ 8 ส.ค. 2538 -- รัฐธรรมนูญไทย : วิเคราะห์เปรียบเทียบฉบับสำคัญ (รวมรัฐธรรมนูญแก้ไขเพิ่มเติม ฉบับที่ 5 พ.ศ. 2538) -- กระทู้ถาม -- ส.ส. กับการศึกษาของชาติ : บทวิเคราะห์จากการตั้งกระทู้ถามในระหว่าง พ.ศ. 2475-2516 -- รัฐธรรมนูญกับการเลือกตั้งในฟิลิปปินส์ (ตอนที่ 2).
505 2 _aปีที่ 43 ฉบับที่ 9 ก.ย. 2538 -- การเมืองกับระบบการตรวจสอบและการควบคุม -- การเมืองกับการบริหาร -- การควบคุมการบริหารราชการ -- สถาบันผู้ตรวจราชการแผ่นดิน ของรัฐสภา -- สถาบันผู้ตรวจราชการแผ่นดินของรัฐสภาในประเทศต่าง ๆ -- ความคิดเห็นเกี่ยวกับโครงสร้าง-หน้าที่ของผู้ตรวจการรัฐสภาในร่างรัฐธรรมนูญ.
505 2 _aปีที่ 43 ฉบับที่ 10 ต.ค. 2538 -- เปรียบเทียบการปกครองท้องถิ่นรูปแบบเทศบาลและรูปแบบกรุงเทพมหานคร -- เทศบาลของต่างประเทศ -- เทศบาลของไทย -- เปรียบเทียบ รูปแบบเทศบาลและรูปแบบกรุงเทพมหานคร -- ข้อดีของรูปแบบกรุงเทพมหานคร -- ข้อเสียของรูปแบบกรุงเทพมหานคร -- การปกครองท้องถิ่น : การบริหารงานสภาตำบล และองค์การบริหารส่วนตำบล -- สภาตำบล โครงสร้าง อำนาจหน้าที่ รายได้ และความสัมพันธ์ -- องค์การบริหารส่วนตำบล โครงสร้าง อำนาจหน้าที่ และความสัมพันธ์ -- ผลกระทบที่เกิดขึ้นจากพระราชบัญญัติสภาตำบลและองค์การบริหารส่วนตำบล -- ทิศทางการปกครองท้องถิ่นในอนาคต -- การกระจายอำนาจโดยการบริหารการเงิน.
505 2 _aปีที่ 43 ฉบับที่ 11 พ.ย. 2538 -- Internet สำหรับนักเศรษฐศาสตร์ -- การคุ้มครองลิขสิทธิ์โปรแกรมคอมพิวเตอร์ที่เอื้อประโยชน์ต่อการพัฒนาเทคโนโลยี : วิเคราะห์คำตัดสินของ ศาลอุทธรณ์ที่สองของสหรัฐฯ ในคดี Computer Associates International, Inc v Altai, Inc -- พัฒนาการของการคุ้มครองโปรแกรมคอมพิวเตอร์ระหว่างประเทศ -- วิวัฒนาการของคำพิพากษาคดีลิขสิทธิ์โปรแกรมคอมพิวเตอร์ -- คดี Computer Associates International, Inc. v Altai, Inc., -- การพิสูจน์เหมือนคล้าย (substantial similarity) ในคดีละเมิดลิขสิทธิ์โปรแกรมคอมพิวเตอร์ -- แนวโน้มของการคุ้มครองโปรแกรมคอมพิวเตอร์หลังคำพิพากษาคดี Computer Associates v Altai -- ดุลยภาพแห่งประโยชน์ในการคุ้มครองทรัพย์สินทางปัญญา : ผู้สร้าง ผู้ใช้ คู่แข่งทางการค้าและสังคมโดยส่วนรวม.
505 2 _aปีที่ 43 ฉบับที่ 12 ธ.ค. 2538 -- ระบบการบริหารงานหน่วยธุรการของรัฐสภาที่เป็นอิสระ -- สภาพปัญหาของการบริหารงานหน่วยธุรการของรัฐสภาในปัจจุบัน -- ปัญหาระบบบริหารงานหน่วยธุรการของรัฐสภาในด้านงบประมาณ -- แนวทางแก้ไขปัญหาของการบริหารงานหน่วยธุรการของรัฐสภาในต่างประเทศ -- แนวทาง แก้ไขปัญหาของการบริหารงานหน่วยธุรการของรัฐสภาในประเทศไทย -- สำนักงานเลขาธิการสภาผู้แทนราษฎร : มุมมององค์การขั้นต้น -- กองทุนบำเหน็จบำนาญ ข้าราชการ -- ระบบบำเหน็จบำนาญในปัจจุบัน -- การบริหารกองทุน -- สิทธิประโยชน์ของสมาชิกกองทุน.
650 0 _aรัฐสภา
_zไทย
_957374
850 _aNALT
866 _aปีที่ 43 ฉบับที่ 7-12 (กรกฎาคม-ธันวาคม 2538).
942 _cBOUND
_2lcc
996 _aaroonthip.c
_bLIBSTF
_c2026-01-20
999 _c107687
_d107687
998 _j179
_k นางสาวอรุณทิพย์ จันทร์ดิษฐ์